| 000 | 00796nam a2200205 a 4500 | ||
|---|---|---|---|
| 008 | 120416s2001 ||||||||||||||||| || u | ||
| 020 | _a9780821348741 | ||
| 050 | _aHM 1121 Soc | ||
| 100 | _aColletta, Nat J | ||
| 245 | 1 | 0 |
_aSocial cohesion and conflict prevention in Asia: managing diversity through development _cedited by Nat J. Colletta |
| 260 |
_aWashington, D. C. _bWorld Bank _c2001 |
||
| 300 | _aix, 493p. :ill. | ||
| 350 | _a0.00 | ||
| 650 | _aCONFLICT MANAGEMENT--ASIA | ||
| 650 | _aSOCIAL CONFLICT--ASIA | ||
| 650 | _aASIA--ECONOMIC POLICY | ||
| 700 | _aLim, Teck Ghee | ||
| 700 | _aKelles-Viitanen, Anita | ||
| 995 |
_D0.00 _FCBU-MAIN LIBRARY (Kitwe) _H1 _I0.00 _M1 _UAVAILABLE _WOct 30, 2007 _ZMain Library Open Access Collection |
||
| 999 |
_c57665 _d57665 |
||